<?xml version="1.0" encoding="UTF-8"?>
<collection xmlns="http://www.loc.gov/MARC21/slim">
 <record>
  <leader>02429aam a22003018a 4500</leader>
  <controlfield tag="001">NCT_18919</controlfield>
  <controlfield tag="008">110630s2011                  ||||||viesd</controlfield>
  <datafield tag="999" ind1=" " ind2=" ">
   <subfield code="c">895</subfield>
   <subfield code="d">895</subfield>
  </datafield>
  <datafield tag="020" ind1=" " ind2=" ">
   <subfield code="c">28000</subfield>
  </datafield>
  <datafield tag="082" ind1="0" ind2="4">
   <subfield code="2">23rd ed.</subfield>
   <subfield code="a">628.44075</subfield>
   <subfield code="b">Th107</subfield>
  </datafield>
  <datafield tag="100" ind1="1" ind2=" ">
   <subfield code="a">Trịnh Thị Thanh</subfield>
  </datafield>
  <datafield tag="245" ind1="1" ind2="0">
   <subfield code="a">Giáo trình công nghệ xử lý chất thải rắn nguy hại</subfield>
   <subfield code="c">Trịnh Thị Thanh</subfield>
  </datafield>
  <datafield tag="260" ind1=" " ind2=" ">
   <subfield code="a">H.</subfield>
   <subfield code="b">Giáo dục</subfield>
   <subfield code="c">2011</subfield>
  </datafield>
  <datafield tag="300" ind1=" " ind2=" ">
   <subfield code="a">159tr.</subfield>
   <subfield code="b">minh hoạ</subfield>
   <subfield code="c">24cm</subfield>
  </datafield>
  <datafield tag="520" ind1="3" ind2=" ">
   <subfield code="a">Cung cấp những kiến thức cơ bản về phân loại chất thải rắn theo nhóm biện pháp xử lý. Trình bày nguồn gốc, đặc tính các chất thải nguy hại và các nguyên tắc, cơ chế cũng như các biện pháp xử lý chất thải rắn nguy hại</subfield>
  </datafield>
  <datafield tag="653" ind1=" " ind2=" ">
   <subfield code="a">Kỹ thuật môi trường</subfield>
  </datafield>
  <datafield tag="655" ind1=" " ind2="7">
   <subfield code="a">Giáo trình</subfield>
  </datafield>
  <datafield tag="942" ind1=" " ind2=" ">
   <subfield code="2">ddc</subfield>
   <subfield code="c">BK</subfield>
  </datafield>
  <datafield tag="952" ind1=" " ind2=" ">
   <subfield code="0">0</subfield>
   <subfield code="1">0</subfield>
   <subfield code="2">ddc</subfield>
   <subfield code="4">0</subfield>
   <subfield code="6">628_440750000000000_TH107</subfield>
   <subfield code="7">0</subfield>
   <subfield code="9">5433</subfield>
   <subfield code="a">000001</subfield>
   <subfield code="b">000001</subfield>
   <subfield code="d">2017-12-04</subfield>
   <subfield code="l">1</subfield>
   <subfield code="o">628.44075 Th107</subfield>
   <subfield code="p">MD.04081</subfield>
   <subfield code="r">2018-08-06</subfield>
   <subfield code="s">2018-07-10</subfield>
   <subfield code="v">28000.00</subfield>
   <subfield code="w">2017-12-04</subfield>
   <subfield code="y">BK</subfield>
  </datafield>
  <datafield tag="952" ind1=" " ind2=" ">
   <subfield code="0">0</subfield>
   <subfield code="1">0</subfield>
   <subfield code="2">ddc</subfield>
   <subfield code="4">0</subfield>
   <subfield code="6">628_440750000000000_TH107</subfield>
   <subfield code="7">0</subfield>
   <subfield code="9">5434</subfield>
   <subfield code="a">000001</subfield>
   <subfield code="b">000001</subfield>
   <subfield code="d">2017-12-04</subfield>
   <subfield code="o">628.44075 Th107</subfield>
   <subfield code="p">MD.04082</subfield>
   <subfield code="r">2017-12-04</subfield>
   <subfield code="v">28000.00</subfield>
   <subfield code="w">2017-12-04</subfield>
   <subfield code="y">BK</subfield>
  </datafield>
  <datafield tag="952" ind1=" " ind2=" ">
   <subfield code="0">0</subfield>
   <subfield code="1">0</subfield>
   <subfield code="2">ddc</subfield>
   <subfield code="4">0</subfield>
   <subfield code="6">628_440750000000000_TH107</subfield>
   <subfield code="7">0</subfield>
   <subfield code="9">5435</subfield>
   <subfield code="a">000001</subfield>
   <subfield code="b">000001</subfield>
   <subfield code="d">2017-12-04</subfield>
   <subfield code="l">1</subfield>
   <subfield code="o">628.44075 Th107</subfield>
   <subfield code="p">MD.04083</subfield>
   <subfield code="r">2019-05-08</subfield>
   <subfield code="s">2019-02-25</subfield>
   <subfield code="v">28000.00</subfield>
   <subfield code="w">2017-12-04</subfield>
   <subfield code="y">BK</subfield>
  </datafield>
  <datafield tag="952" ind1=" " ind2=" ">
   <subfield code="0">0</subfield>
   <subfield code="1">0</subfield>
   <subfield code="2">ddc</subfield>
   <subfield code="4">0</subfield>
   <subfield code="6">628_440750000000000_TH107</subfield>
   <subfield code="7">0</subfield>
   <subfield code="9">5436</subfield>
   <subfield code="a">000001</subfield>
   <subfield code="b">000001</subfield>
   <subfield code="d">2017-12-04</subfield>
   <subfield code="l">1</subfield>
   <subfield code="o">628.44075 Th107</subfield>
   <subfield code="p">MD.04084</subfield>
   <subfield code="r">2019-04-24</subfield>
   <subfield code="s">2019-04-17</subfield>
   <subfield code="v">28000.00</subfield>
   <subfield code="w">2017-12-04</subfield>
   <subfield code="y">BK</subfield>
  </datafield>
  <datafield tag="952" ind1=" " ind2=" ">
   <subfield code="0">0</subfield>
   <subfield code="1">0</subfield>
   <subfield code="2">ddc</subfield>
   <subfield code="4">0</subfield>
   <subfield code="6">628_440750000000000_TH107</subfield>
   <subfield code="7">0</subfield>
   <subfield code="9">5437</subfield>
   <subfield code="a">000001</subfield>
   <subfield code="b">000001</subfield>
   <subfield code="d">2017-12-04</subfield>
   <subfield code="o">628.44075 Th107</subfield>
   <subfield code="p">MD.04085</subfield>
   <subfield code="r">2017-12-04</subfield>
   <subfield code="v">28000.00</subfield>
   <subfield code="w">2017-12-04</subfield>
   <subfield code="y">BK</subfield>
  </datafield>
  <datafield tag="952" ind1=" " ind2=" ">
   <subfield code="0">0</subfield>
   <subfield code="1">0</subfield>
   <subfield code="2">ddc</subfield>
   <subfield code="4">0</subfield>
   <subfield code="6">628_440750000000000_TH107</subfield>
   <subfield code="7">0</subfield>
   <subfield code="9">5438</subfield>
   <subfield code="a">000001</subfield>
   <subfield code="b">000001</subfield>
   <subfield code="d">2017-12-04</subfield>
   <subfield code="o">628.44075 Th107</subfield>
   <subfield code="p">MD.04086</subfield>
   <subfield code="r">2017-12-04</subfield>
   <subfield code="v">28000.00</subfield>
   <subfield code="w">2017-12-04</subfield>
   <subfield code="y">BK</subfield>
  </datafield>
  <datafield tag="952" ind1=" " ind2=" ">
   <subfield code="0">0</subfield>
   <subfield code="1">0</subfield>
   <subfield code="2">ddc</subfield>
   <subfield code="4">0</subfield>
   <subfield code="6">628_440750000000000_TH107</subfield>
   <subfield code="7">0</subfield>
   <subfield code="9">5439</subfield>
   <subfield code="a">000001</subfield>
   <subfield code="b">000001</subfield>
   <subfield code="d">2017-12-04</subfield>
   <subfield code="o">628.44075 Th107</subfield>
   <subfield code="p">MD.04087</subfield>
   <subfield code="r">2017-12-04</subfield>
   <subfield code="v">28000.00</subfield>
   <subfield code="w">2017-12-04</subfield>
   <subfield code="y">BK</subfield>
  </datafield>
  <datafield tag="952" ind1=" " ind2=" ">
   <subfield code="0">0</subfield>
   <subfield code="1">0</subfield>
   <subfield code="2">ddc</subfield>
   <subfield code="4">0</subfield>
   <subfield code="6">628_440750000000000_TH107</subfield>
   <subfield code="7">0</subfield>
   <subfield code="9">5440</subfield>
   <subfield code="a">000001</subfield>
   <subfield code="b">000001</subfield>
   <subfield code="d">2017-12-04</subfield>
   <subfield code="o">628.44075 Th107</subfield>
   <subfield code="p">MD.04088</subfield>
   <subfield code="r">2017-12-04</subfield>
   <subfield code="v">28000.00</subfield>
   <subfield code="w">2017-12-04</subfield>
   <subfield code="y">BK</subfield>
  </datafield>
  <datafield tag="952" ind1=" " ind2=" ">
   <subfield code="0">0</subfield>
   <subfield code="1">0</subfield>
   <subfield code="2">ddc</subfield>
   <subfield code="4">0</subfield>
   <subfield code="6">628_440750000000000_TH107</subfield>
   <subfield code="7">0</subfield>
   <subfield code="9">5441</subfield>
   <subfield code="a">000001</subfield>
   <subfield code="b">000001</subfield>
   <subfield code="d">2017-12-04</subfield>
   <subfield code="o">628.44075 Th107</subfield>
   <subfield code="p">MD.04403</subfield>
   <subfield code="r">2017-12-04</subfield>
   <subfield code="v">28000.00</subfield>
   <subfield code="w">2017-12-04</subfield>
   <subfield code="y">BK</subfield>
  </datafield>
  <datafield tag="980" ind1=" " ind2=" ">
   <subfield code="a">Thư viện Trường Đại học Nam Cần Thơ</subfield>
  </datafield>
 </record>
</collection>
